Apuntes sobre algunos temas de geografía e historia de México y de los Estados Unidos y sugestiones de clase para uso de los maestros en relación con los proyectos de amistad infantil internacional. (Record no. 4278)
[ view plain ]
| 000 -CABECERA | |
|---|---|
| campo de control de longitud fija | 00733nam a2200181 a 4500 |
| 005 - FECHA Y HORA DE LA ÚLTIMA TRANSACCIÓN | |
| campo de control | 20210223120620.0 |
| 008 - ELEMENTOS DE LONGITUD FIJA--INFORMACIÓN GENERAL | |
| campo de control de longitud fija | 991125s1928 mx 000 0 spa u |
| 035 ## - NÚMERO DE CONTROL DEL SISTEMA | |
| Número de control de sistema | UPN01000004278 |
| 049 ## - COLECCIÓN | |
| Colección | SEP |
| 050 #4 - SIGNATURA TOPOGRÁFICA DE LA BIBLIOTECA DEL CONGRESO | |
| Número de clasificación | F1224 |
| Número de documento/Ítem | A69 |
| 245 00 - MENCIÓN DE TÍTULO | |
| Título | Apuntes sobre algunos temas de geografía e historia de México y de los Estados Unidos y sugestiones de clase para uso de los maestros en relación con los proyectos de amistad infantil internacional. |
| 260 ## - PUBLICACIÓN, DISTRIBUCIÓN, ETC. | |
| Lugar de publicación, distribución, etc. | México : |
| Nombre del editor, distribuidor, etc. | SEP, |
| Fecha de publicación, distribución, etc. | 1928. |
| 300 ## - DESCRIPCIÓN FÍSICA | |
| Extensión | 23 p. |
| 440 #0 - MENCIÓN DE SERIE/ASIENTO SECUNDARIO--TÍTULO | |
| Título | Secretaría de Educación Pública. |
| Nombre de parte o sección de la obra | Publicaciones ; |
| Designación de volumen o secuencia | 19, no.10 |
| 650 #4 - ASIENTO SECUNDARIO DE MATERIA - TERMINO TEMATICO | |
| Término de materia o nombre geográfico como elemento de entrada | HISTORIA - |
| Subdivisión general | ESTUDIO Y ENSEÑANZA - |
| Subdivisión geográfica | ESTADOS UNIDOS |
| 9 (RLIN) | 10441 |
| 650 #4 - ASIENTO SECUNDARIO DE MATERIA - TERMINO TEMATICO | |
| Término de materia o nombre geográfico como elemento de entrada | HISTORIA - |
| Subdivisión general | ESTUDIO Y ENSEÑANZA - |
| Subdivisión geográfica | MEXICO |
| 9 (RLIN) | 6123 |
| 905 ## - TIPO DE MATERIAL | |
| Tipo de material | Libro |
| Estado de retiro | Estado de pérdida | Fuente del sistema de clasificación o colocación | Estado dañado | No para préstamo | Código de colección | Localización permanente | Ubicación/localización actual | Ubicación en estantería | Fecha de adquisición | Clasificación | Código de barras | Fecha visto por última vez | Número de copia | Tipo de ítem Koha |
|---|---|---|---|---|---|---|---|---|---|---|---|---|---|---|
| Library of Congress Classification | Disponible (Préstamo en sala) | Colección Medina | Bib. Gregorio Torres Quintero | Bib. Gregorio Torres Quintero | Colecciones especiales Planta alta | 30/01/2023 | F1224 A69 | 19852F | 31/12/2020 | 1 | Libro |
